Cơ sở văn hóa Việt nam /

Van hoa va van hoa hoc.Cau truc thiet che va chuc nang cua van hoa.Dien trinh lich su cua van hoa Viet Nam.Van hoa va phat trien.

Сохранить в:
Библиографические подробности
Главный автор: Trần Quốc Vượng
Другие авторы: Le Huu Tinh Pho tong bien tap
Формат:
Язык:Vietnamese
Опубликовано: Giáo dục Việt nam, 2010.
Предметы:
Метки: Добавить метку
Нет меток, Требуется 1-ая метка записи!
Thư viện lưu trữ: Mạng thư viện Đại học Đà Nẵng
LEADER 01396nam a22003491a 4500
001 000036315
003 12610
005 20240104092213.0
008 160331s2010 vm 000 vie
040 |a LNN 
041 |a vie 
082 |a 321  |b TR-V 
100 |a Trần Quốc Vượng 
245 0 |a Cơ sở văn hóa Việt nam /  |c Trần Quốc Vượng, Tô Ngọc Thanh, Nguyễn Chí Bền, Lâm Mỹ Dung, Trần Thúy Anh. 
260 |a Giáo dục Việt nam,  |c 2010. 
300 |a 303tr, mh, 20cm. 
520 |a Van hoa va van hoa hoc.Cau truc thiet che va chuc nang cua van hoa.Dien trinh lich su cua van hoa Viet Nam.Van hoa va phat trien. 
650 |a Van hoa,co so van hoa VN. 
653 |a Cơ sở văn hóa Việt nam,Trần Quốc Vượng, Tô Ngọc Thanh, Nguyễn Chí Bền, Lâm Mỹ Dung, Trần Thúy Anh 
700 |a Le Huu Tinh  |b Pho tong bien tap 
852 |c Sách tham khảo 
OWN |a LNN 
AVA |a UDN50  |b LNN  |d 321 TR-V  |e available  |t Error 5001 Not defined in file expand_doc_bib_avail.  |f 2  |g 0  |h N  |i 0 
999 |a From the UDN01 
AVA |a UDN50  |b LNN  |d 321 TR-V  |e available  |t Error 5001 Not defined in file expand_doc_bib_avail.  |f 2  |g 0  |h N  |i 0 
TYP |a Monograph 
TYP |a Printed language 
980 |a Mạng thư viện Đại học Đà Nẵng